000 00556nam a2200193 4500
001 127957
003 ES-MaACL
005 20251003063123.0
007 t|
008 070214s1972 sp r ||||1| spa d
080 _a519.2(075.8)
100 1 _aRíos, Sixto,
_d1913-2008
_997375
245 1 0 _aAnálisis estadístico aplicado /
_cSixto Ríos.
260 _aMadrid :
_bParaninfo,
_c1972.
300 _a411 p. ;
_c21 cm.
650 7 _aEstadística matemática
_2embne
_9143469
852 _aES-MaACL
_jC-49345
_bR.84125
999 _c127957
_d127957